| 000 | 00551nam a2200145Ia 4500 | ||
|---|---|---|---|
| 008 | 220216s9999 xx 000 0 und d | ||
| 100 | _aAigbodion A I | ||
| 245 | 0 | _aAnaerobic digestion of rubber waster for production of renewable energy | |
| 260 | _bIRC 2012. International Rubber Conference, 28-31 October 2012, Kovalam, India, Rubber Research Institute of India, Kottayam and IRRDB, Malaysia: Abstracts. pp.119-120. | ||
| 650 | _aRenewable energy | ||
| 700 | _aIkhuoria E U | ||
| 700 | _aOlugbemide D A | ||
| 700 | _aOmorogbe S O | ||
| 942 | _cJS | ||
| 999 |
_c54201 _d54201 |
||